| 000 | 01045nam0a22002771 4500 | ||
|---|---|---|---|
| 001 | rc\4392802 | ||
| 005 | 20250611135034.0 | ||
| 021 |
_aRU _b[57-20184] |
||
| 035 | _a(NLR Aleph) 008214613 | ||
| 090 |
_a8118010 _c8118010 |
||
| 100 | _a20130416d1957 |||y0rusy50 ca | ||
| 101 | 0 | _arus | |
| 102 | _aRU | ||
| 105 | _aa z ||||| | ||
| 200 | 1 |
_aМонтаж жилого дома рамно-панельной конструкции _e[Опыт бригады Н.З. Делюкина. Моск. строит.-монтажное упр. треста "Стальмонтаж"] |
|
| 210 |
_aМосква _cГосстройиздат _d1957 |
||
| 215 |
_a24 с. _cчерт. _d20 |
||
| 225 | 1 | _aНоваторы строительной индустрии | |
| 606 |
_aЖилые здания, каркасно-панельные _xМонтаж _2psbo |
||
| 700 | 1 |
_aДанченко _bК.В. |
|
| 702 | 1 |
_aДелюкин _bН.З. _4570 |
|
| 801 | 0 |
_aRU _bNLR _gpsbo |
|
| 801 | 1 |
_aRU _bELAR _2rusmarc |
|
| 852 |
_aNLR _j57-4/9837 |
||
| 942 | _cBOOK | ||
| 980 | _aNB | ||